000 00742nam a2200229Ia 4500
003 OSt
005 20241008144632.0
008 210716s2008 xx 000 0 und d
020 _a9788181288707
040 _cAIMIT LIBRARY
041 _aeng
082 _a005.1332
_21
_bGROC
100 _aGross, Christian.
_9181839
245 _aBeginning c# 2008:
_bfrom novice to professional /
_cBy Christian Gross.
250 _a1st ed.
260 _aNew Delhi :
_bApress ;
_c2008.
300 _axxi,487p. ;
_bPB
_c24 cm.
650 _aLearning about string manipulations
_9181840
650 _aLearning the basics of object oriented programming
_9181841
650 _aLearning about persistence
_9181842
942 _2ddc
_cBK
_e1st ed.
_k005.1332 GROC
999 _c188540
_d188540